5HLuxD.jpg

KING HENRY VIII SENIOR AND PRIMARY SCHOOL LIBRARY OPAC

The illustrated A brief history of time / (Record no. 596)

000 -LEADER
fixed length control field 01940cam a2200349 i 4500
001 - CONTROL NUMBER
control field 005453873
003 - CONTROL NUMBER IDENTIFIER
control field OCoLC
005 - DATE AND TIME OF LATEST TRANSACTION
control field 20190904084624.0
008 - FIXED-LENGTH DATA ELEMENTS--GENERAL INFORMATION
fixed length control field 151023r20151996enka 000 0 eng d
015 ## - NATIONAL BIBLIOGRAPHY NUMBER
National bibliography number GBB5F7433
Source bnb
020 ## - INTERNATIONAL STANDARD BOOK NUMBER
International Standard Book Number 9780593077184
Qualifying information (hardback)
020 ## - INTERNATIONAL STANDARD BOOK NUMBER
International Standard Book Number 0593077180
Qualifying information (hardback)
035 ## - SYSTEM CONTROL NUMBER
System control number (OCoLC)932593557
040 ## - CATALOGING SOURCE
Original cataloging agency NLE
Language of cataloging eng
Transcribing agency NLE
Modifying agency OCLCO
-- OCLCF
-- YDXCP
-- CUD
-- OCLCQ
-- AUAMR
-- NZPPC
-- NZAUC
-- THN
Description conventions rda
042 ## - AUTHENTICATION CODE
Authentication code nbic
082 04 - DEWEY DECIMAL CLASSIFICATION NUMBER
Classification number 530 HAW
Edition number 23
100 1# - MAIN ENTRY--PERSONAL NAME
Personal name Hawking, Stephen,
Dates associated with a name 1942-
Relator term author.
245 14 - TITLE STATEMENT
Title The illustrated A brief history of time /
Statement of responsibility, etc. Stephen Hawking.
250 ## - EDITION STATEMENT
Edition statement Updated and expanded edition.
264 #1 - PRODUCTION, PUBLICATION, DISTRIBUTION, MANUFACTURE, AND COPYRIGHT NOTICE
Place of production, publication, distribution, manufacture London :
Name of producer, publisher, distributor, manufacturer Bantam Press,
Date of production, publication, distribution, manufacture, or copyright notice 2015.
264 #4 - PRODUCTION, PUBLICATION, DISTRIBUTION, MANUFACTURE, AND COPYRIGHT NOTICE
Date of production, publication, distribution, manufacture, or copyright notice c1996.
300 ## - PHYSICAL DESCRIPTION
Extent 248 pages :
Other physical details color illustrations ;
Dimensions 26 cm.
336 ## - CONTENT TYPE
Content type term text
Content type code txt
Source rdacontent.
337 ## - MEDIA TYPE
Media type term unmediated
Media type code n
Source rdamedia.
338 ## - CARRIER TYPE
Carrier type term volume
Carrier type code nc
Source rdacarrier.
505 0# - FORMATTED CONTENTS NOTE
Formatted contents note Our picture of the universe -- The expanding universe -- The undertainty principle -- Elementary particles and the forces of nature -- Black holes -- Black holes ain't so black -- The origin and fate of the universe -- The arrow of time -- Wormholes and time travel -- The unification of physics -- Conclusion -- Albert Eisten -- Galileo Galilei -- Isaac Newton.
520 ## - SUMMARY, ETC.
Summary, etc. "... Stephen Hawking's updated, expanded and illustrated edition of his celebrated work which includes the most recent developments in the field, many of which were forecast by him. At the same time, he explains his complex theories through a fresh visual dimension. Over one hundred and fifty stunning colour illustrations have been specially commissioned for this purpose to help the reader understand what have become popular mythic images of our century, but which nonetheless remain difficult, abstract ideas to grasp. " --
Assigning source Provided by publisher.
650 #0 - SUBJECT ADDED ENTRY--TOPICAL TERM
Topical term or geographic name entry element Cosmology.
650 #0 - SUBJECT ADDED ENTRY--TOPICAL TERM
Topical term or geographic name entry element Space and time.
650 #0 - SUBJECT ADDED ENTRY--TOPICAL TERM
Topical term or geographic name entry element Physics.
942 ## - ADDED ENTRY ELEMENTS (KOHA)
Source of classification or shelving scheme
Koha item type Books - Non Ficton
Holdings
Withdrawn status Lost status Source of classification or shelving scheme Damaged status Not for loan Collection code Permanent Location Current Location Shelving location Date acquired Total Checkouts Full call number Barcode Date last seen Date last checked out Price effective from Koha item type
          Non-Fiction KH8 Senior School Library KH8 Senior School Library Non Fiction 2019-09-04 1 530 HAW 3KHSL000101342 2022-11-24 2022-10-31 2019-09-04 Books - Non Ficton

Powered By KH8 IT Dept